| 000 | 00400nam a22001577a 4500 | ||
|---|---|---|---|
| 003 | macl | ||
| 005 | 20150618130156.0 | ||
| 008 | 150618b xxu||||| |||| 00| 0 eng d | ||
| 040 | _cmacl | ||
| 082 | _a001 | ||
| 100 |
_aUnique _9275 |
||
| 245 | _aGeneral Studies 18 Per. Years Solved Paper and Practice Papers | ||
| 260 |
_aUnique _bUnique _c2013 |
||
| 650 |
_aGeneral Studies _9276 |
||
| 942 |
_2ddc _cBK |
||
| 999 |
_c49882 _d49882 |
||